000
00320pam a2200157a 44500
008
230515b1900 xxu||||| |||| 00| 0 eng d
020
_a
NULL
041
_a
HINDI
082
_a
1
100
_a
LIBRARY
245
_a
DRAVYAGUNA
250
_a
1
260
_a
PUNE
_b
N.D.
_c
1900
300
_a
500
650
_a
DRAVYAGUNA
999
_c
497029
_d
497029